000 00569nam a2200181 a 4500
001 000022956
005 20200930021908.0
008 101123s1988 sp abc r 000 f spa d
040 _aDO-SdBNP
_bspa
_cBNPHU
082 _a863.64
_bA345h
100 1 _aAlburquerque Pérez, Antonio
_921382
245 1 0 _aHermenegildo rey de Andalucía /
_cAntonio Alburquerque Pérez,.
260 _aMadrid, (España) :
_bEl Alamo,
_c1988.
300 _a80 p. :
_bil., mapas ; retrs. ;
_c18 cm.
650 4 _aNovela española
_91123
650 4 _aLiteratura española
_9632
049 _aBNGR
999 _c22453
_d22453